Структурный синтез многофазных вентильных преобразователей

Detalhes bibliográficos
Autor principal: Евдокимов С. А. Сергей Александрович
Outros Autores: Щуров Н. И. Николай Иванович
Resumo:Теоретические исследования, представленные в монографии, посвящены разработке методов структурного синтеза и схемотехнического анализа вентильных преобразователей переменного тока в постоянный. Описаны процедуры нескольких методов синтеза вентильных схем и геометрические правила генерации схемных решений трансформаторных преобразователей числа фаз. Отражена история развития схемотехники выпрямителей и дана топологическая классификация вентильных преобразователей, учитывающая современный уровень топологических исследований. Основным объектом приложения для разработанной теории структурного синтеза выбран преобразовательный комплекс электрического транспорта. Книга предназначена для инженерно-технических работников проектных и научных организаций, конструкторских бюро, специалистов промышленности, связанных с разработкой, изготовлением и эксплуатацией преобразовательной техники и систем электроснабжения постоянного тока. Она может быть рекомендована для преподавателей, студентов, магистрантов и аспирантов различных специальностей.
Idioma:russo
Publicado em: Новосибирск, Изд-во НГТУ, 2010
Colecção:Монографии НГТУ
Assuntos:
Formato: MixedMaterials Livro
KOHA link:https://koha.lib.tpu.ru/cgi-bin/koha/opac-detail.pl?biblionumber=195967

MARC

LEADER 00000nam0a2200000 4500
001 195967
005 20231101224647.0
010 |a 9785778214064 
035 |a (RuTPU)RU\TPU\book\213787 
090 |a 195967 
100 |a 20110517d2010 k y0rusy50 ca 
101 0 |a rus 
102 |a RU 
105 |a a z 001zy 
200 1 |a Структурный синтез многофазных вентильных преобразователей  |f С. А. Евдокимов, Н. И. Щуров 
210 |a Новосибирск  |c Изд-во НГТУ  |d 2010 
215 |a 423 с.  |c ил. 
225 1 |a Монографии НГТУ 
320 |a Библиогр.: с. 408-416. 
330 |a Теоретические исследования, представленные в монографии, посвящены разработке методов структурного синтеза и схемотехнического анализа вентильных преобразователей переменного тока в постоянный. Описаны процедуры нескольких методов синтеза вентильных схем и геометрические правила генерации схемных решений трансформаторных преобразователей числа фаз. Отражена история развития схемотехники выпрямителей и дана топологическая классификация вентильных преобразователей, учитывающая современный уровень топологических исследований. Основным объектом приложения для разработанной теории структурного синтеза выбран преобразовательный комплекс электрического транспорта. Книга предназначена для инженерно-технических работников проектных и научных организаций, конструкторских бюро, специалистов промышленности, связанных с разработкой, изготовлением и эксплуатацией преобразовательной техники и систем электроснабжения постоянного тока. Она может быть рекомендована для преподавателей, студентов, магистрантов и аспирантов различных специальностей. 
606 1 |a Преобразователи вентильные  |2 stltpush  |3 (RuTPU)RU\TPU\subj\51171  |9 69774 
610 1 |a электрический транспорт 
610 1 |a электроснабжение 
610 1 |a электроподвижные составы 
610 1 |a выпрямители 
610 1 |a схемотехника 
610 1 |a структурный синтез 
610 1 |a трансформаторные преобразователи 
610 1 |a топологические особенности 
610 1 |a конструктивная несимметрия 
610 1 |a перенапряжения 
610 1 |a защита 
610 1 |a кольцевые схемы 
610 1 |a монографии 
675 |a 621.314.632  |v 3 
700 1 |a Евдокимов  |b С. А.  |g Сергей Александрович 
701 1 |a Щуров  |b Н. И.  |g Николай Иванович 
801 1 |a RU  |b 63413507  |c 20110517 
801 2 |a RU  |b 63413507  |c 20220210  |g RCR 
942 |c BK 
959 |a 51/20110517  |d 1  |e 479,00  |f ЧЗТЛ:1 
959 |a 71/20120511  |d 2  |e 479,00  |f ЧЗТЛ:1  |f АНЛ:1